| 000 | 00553nam a2200193Ia 4500 | ||
|---|---|---|---|
| 005 | 20230427100654.0 | ||
| 008 | 131103s9999 xx 000 0 und d | ||
| 040 | _aLoreto College | ||
| 041 | _aEnglish | ||
| 082 |
_a823.8 _bBRO-MAR |
||
| 100 | _aMartin,Robert Bernard | ||
| 245 | 4 |
_aThe Accents of Persuasion _b Charlotte Bronte's novels |
|
| 260 |
_aLondon _bFaber & Faber _c1966 |
||
| 300 | _a188p | ||
| 504 | _aIncludes bibliographical references | ||
| 650 | _aBronte,Charlotte-Criticism and interpretation | ||
| 850 | _aLCLIB | ||
| 942 | _cBK | ||
| 999 |
_c16908 _d67387 |
||